Masterpieces of English Furniture and Clocks (Record no. 499)
[ view plain ]
| 000 -CABECERA | |
|---|---|
| campo de control de longitud fija | 00981nam a2200205 a 4500 |
| 001 - NÚMERO DE CONTROL | |
| campo de control | BRCA_569 |
| 005 - FECHA Y HORA DE LA ÚLTIMA TRANSACCIÓN | |
| campo de control | 20190320203052.0 |
| 008 - DATOS DE LONGITUD FIJA--INFORMACIÓN GENERAL | |
| campo de control de longitud fija | 151005s1986----uk-a---###---#000-0#eng-d |
| 020 ## - NÚMERO INTERNACIONAL ESTÁNDAR DEL LIBRO | |
| Número Internacional Estándar del Libro | 1851700684 |
| 050 #4 - SIGNATURA TOPOGRÁFICA DE LA BIBLIOTECA DEL CONGRESO | |
| Número de clasificación | NK2529 |
| Número de documento/Ítem | .S96 1986 |
| 100 1# - ENTRADA PRINCIPAL--NOMBRE DE PERSONA | |
| Nombre de persona | Symonds, Robert Wemyss |
| Fechas asociadas al nombre | 1889-1958 |
| 9 (RLIN) | 1769 |
| 245 10 - MENCIÓN DE TÍTULO | |
| Título | Masterpieces of English Furniture and Clocks |
| Resto del título | A Study of Walnut and Mahogany Furniture, and of the Associated Crafts of the Looking-Glass Maker and Japanner, Together with an Account of Thomas Tompion and other Famous Clock-Makers of the 17th and 18th Centuries |
| Mención de responsabilidad, etc. | R. W. Symonds ; introduction by Jerome Phillips. |
| 260 ## - PUBLICACIÓN, DISTRIBUCIÓN, ETC. | |
| Lugar de publicación, distribución, etc. | Londres |
| Nombre del editor, distribuidor, etc. | Studio Editions London |
| Fecha de publicación, distribución, etc. | 1986 |
| 300 ## - DESCRIPCIÓN FÍSICA | |
| Extensión | xii, 172 p. |
| Otras características físicas | il. (algunas a color), mapas |
| Dimensiones | 33 cm. |
| 650 14 - PUNTO DE ACCESO ADICIONAL DE MATERIA--TÉRMINO DE MATERIA | |
| Término de materia o nombre geográfico como elemento de entrada | Mobiliario |
| Subdivisión general | Obras maestras |
| Subdivisión geográfica | Inglaterra |
| 9 (RLIN) | 1962 |
| 650 14 - PUNTO DE ACCESO ADICIONAL DE MATERIA--TÉRMINO DE MATERIA | |
| Término de materia o nombre geográfico como elemento de entrada | Relojes |
| Subdivisión general | Obras maestras |
| Subdivisión geográfica | Inglaterra |
| 9 (RLIN) | 1963 |
| 650 14 - PUNTO DE ACCESO ADICIONAL DE MATERIA--TÉRMINO DE MATERIA | |
| Término de materia o nombre geográfico como elemento de entrada | Decoración y ornamentación |
| Subdivisión cronológica | Siglo XVII-XVIII |
| Subdivisión geográfica | Inglaterra |
| 9 (RLIN) | 1964 |
| 700 1# - PUNTO DE ACCESO ADICIONAL--NOMBRE DE PERSONA | |
| Nombre de persona | Phillips, Jerome |
| 9 (RLIN) | 1965 |
| 942 ## - ELEMENTOS DE PUNTO DE ACCESO ADICIONAL (KOHA) | |
| Fuente del sistema de clasificación o colocación | Library of Congress Classification |
| Tipo de ítem Koha | Libros |
| Estado de retiro | Estado de pérdida | Estado dañado | No para préstamo | Localización permanente | Ubicación/localización actual | Fecha de adquisición | Total de préstamos | Signatura topográfica completa | Código de barras | Fecha visto por última vez | Precio válido a partir de | Tipo de ítem Koha |
|---|---|---|---|---|---|---|---|---|---|---|---|---|
| El ejemplar forma parte de la colección y puede ser consultado según las políticas vigentes. | Biblioteca del Museo Franz Mayer (Rogerio Casas-Alatriste) | Biblioteca del Museo Franz Mayer (Rogerio Casas-Alatriste) | 25/06/2008 | NK2529 .S96 1986 | 00887 | 22/03/2019 | 22/03/2019 | Libros |